Ügyészi megbizott

Správa o mnenovaní zástupcu štátneho zástupcu ku okresnému kráľovskému súdu v Michalovciach v máji roku 1914. Stal sa ním právnik Dr. Henrich Grünwald.

Bibliographic Details
Format: Article
Language:Hungarian
Subjects:
Source: 1. Felvidéki Hirlap 1. Roč. 7, č. 19 (17.05.1914) s. 2
LEADER 00971nab#a2200301#ar4500
001 000074498
003 SVKKK
005 20041220xxxxxxx.
008 06 c xo huno
FMT
038 |a SVKKK 
040 |a SVKKK  |b slo  |e AACR2 
041 0 |a hun 
044 |a xo  |c SK 
080 |a 347.963 
242 1 0 |a Štátny zástupca 
245 0 0 |a Ügyészi megbizott 
500 |a mikrofilm 
520 2 |a Správa o mnenovaní zástupcu štátneho zástupcu ku okresnému kráľovskému súdu v Michalovciach v máji roku 1914. Stal sa ním právnik Dr. Henrich Grünwald. 
650 0 4 |a Grünwald, Henrich (právnik) - Michalovce - zástupca štátneho zástupcu (funkcia) - kráľovský okresný súd, Michalovce - menovanie úradné - rok 1914 - správy 
773 0 |t Felvidéki Hirlap  |g Roč. 7, č. 19 (17.05.1914) s. 2 
957 |a Michalovce 
958 |a DG 
958 |a SK 
974 |a Ba  |d 20041220 
992 |a RBX 
BAS
998 |a RETRO